00000000nam 2200000zi 4500
0019.874604
003CaOODSP
00520250129135948
006m     o  d f      
007cr mn|||||||||
008190610e201907##quca    obs  f000 0 fre d
020 |a9780660313047
040 |aCaOODSP|bfre|erda|cCaOODSP
043 |an-cn---
045 |ay1y1
0861 |aEn4-144/21-2019F-PDF
24500|aIndicateurs canadiens de durabilité de l'environnement : |bintégrité écologique des parcs nationaux.
24610|aIntégrité écologique des parcs nationaux
264 1|aGatineau (Québec) : |bEnvironnement et changement climatique Canada = Environment and Climate Change Canada, |cjuillet 2019.
264 4|c©2019
300 |a1 ressource en ligne (17 pages) : |billustrations en couleur
336 |atexte|btxt|2rdacontent/fre
337 |ainformatique|bc|2rdamedia/fre
338 |aressource en ligne|bcr|2rdacarrier/fre
500 |aPublié aussi en anglais sous le titre : Canadian environmental sustainability indicators: ecological integrity of national parks.
504 |aComprend des références bibliographiques.
650 6|aParcs nationaux|zCanada.
650 6|aIntégrité écologique|zCanada|vStatistiques.
650 6|aIndicateurs écologiques|zCanada.
655 7|aStatistiques|2rvmgf
7101 |aCanada. |bEnvironnement et changement climatique Canada, |eorganisme de publication.
77508|tCanadian environmental sustainability indicators : |w(CaOODSP)9.874602
794 |tIndicateurs canadiens de durabilité de l'environnement : |b(Novembre 2020)|w(CaOODSP)9.890352
795 |tIndicateurs canadiens de durabilité de l'environnement |b(Juin 2018)|w(CaOODSP)9.857469
85640|qPDF|s859 Ko|uhttps://publications.gc.ca/collections/collection_2020/eccc/En4-144-21-2019-fra.pdf
8564 |qHTML|sS.O.|uhttps://www.canada.ca/fr/environnement-changement-climatique/services/indicateurs-environnementaux/integrite-ecologique-parcs-nationaux.html